[Event "GER-chT U20"]
[Site "Magdeburg"]
[Date "2023.12.30"]
[Round "7.1"]
[White "Guelsen, Sinan Yilmaz"]
[Black "Mohammadi Nia, Borna"]
[Result "0-1"]
[WhiteElo "1314"]
[BlackElo "2170"]
[PlyCount "84"]
[EventDate "2023.12.26"]
[EventType "team-swiss"]
[EventRounds "7"]
[EventCountry "GER"]
[SourceTitle "CB03_2024"]
[SourceDate "2024.01.17"]
[SourceVersion "1"]
[SourceVersionDate "2024.01.17"]
[SourceQuality "1"]
[WhiteTeam "Karlsruhe SF"]
[BlackTeam "Porz SG"]
[WhiteTeamCountry "GER"]
[BlackTeamCountry "GER"]

1. e4 e6 2. d4 d5 3. Nc3 dxe4 4. Nxe4 Nd7 5. Bg5 Be7 6. Nf3 Ngf6 7. Nxf6+ Bxf6 8. Bxf6 Nxf6 9. Bd3 0-0 10. 0-0 b6 11. c3 Bb7 12. Re1 Qd6 13. Nd2 c5 14. Ne4 Bxe4 15. Bxe4 Rad8 16. Qa4 cxd4 17. Rad1 e5 18. f4 exf4 19. Rxd4 Qc5 20. Bf3 Rxd4 21. Qxd4 Qxd4+ 22. cxd4 Rd8 23. Re7 Rd7 24. Rxd7 Nxd7 25. Bc6 Nf6 26. Kf2 Kf8 27. b4 g5 28. Ke2 Ne8 29. a4 Nd6 30. a5 f5 31. Kf3 Ke7 32. axb6 axb6 33. Ba4 h6 34. h4 Kf6 35. hxg5+ hxg5 36. Ke2 g4 37. Bc6 Kg5 38. Kd3 Kh4 39. Ke2 Kg3 40. Kf1 f3 41. gxf3 gxf3 42. Bd5 f2 0-1

[Event "GER-chT U20"]
[Site "Muenster"]
[Date "2022.12.27"]
[Round "1"]
[White "Naumenko, Valerija"]
[Black "Mohammadi Nia, Borna"]
[Result "0-1"]
[WhiteElo "1788"]
[BlackElo "2139"]
[PlyCount "46"]
[EventDate "2022.12.26"]
[EventType "team-swiss"]
[EventRounds "7"]
[EventCountry "GER"]
[SourceTitle "CBM 212 Extra"]
[Source "ChessBase"]
[SourceDate "2023.03.31"]
[SourceVersion "1"]
[SourceVersionDate "2023.03.31"]
[SourceQuality "1"]
[WhiteTeam "Hemer"]
[BlackTeam "Porz SG"]
[WhiteTeamCountry "GER"]
[BlackTeamCountry "GER"]

1. e4 e6 2. d4 d5 3. Nc3 Nf6 4. exd5 Nxd5 5. Nxd5 exd5 6. Bf4 Bd6 7. Bxd6 Qxd6 8. Qd2 Nc6 9. 0-0-0 Be6 10. Qg5 0-0 11. f4 h6 12. Qg3 Bf5 13. a3 Rfe8 14. Qf2 Na5 15. Bd3 Bxd3 16. Rxd3 Re4 17. Nh3 Rae8 18. Rhd1 Nc4 19. g4 Re2 20. Qg3 R8e3 21. Rxe3 Rxe3 22. Qh4 Rxa3 23. Kb1 Qb4 0-1

[Event "GER-chT U20"]
[Site "Kiel"]
[Date "2022.07.23"]
[Round "2.2"]
[White "Weigand, Anton"]
[Black "Mohammadi Nia, Borna"]
[Result "1-0"]
[WhiteElo "1919"]
[BlackElo "2129"]
[PlyCount "117"]
[EventDate "2022.07.22"]
[EventType "team-swiss"]
[EventRounds "7"]
[EventCountry "GER"]
[SourceTitle "CBM 209 Extra"]
[Source "ChessBase"]
[SourceDate "2022.09.30"]
[SourceVersion "1"]
[SourceVersionDate "2022.09.30"]
[SourceQuality "1"]
[WhiteTeam "Lehrte"]
[BlackTeam "Porz SG"]
[WhiteTeamCountry "GER"]
[BlackTeamCountry "GER"]

1. e4 e6 2. d4 d5 3. Bd3 dxe4 4. Bxe4 Nf6 5. Bf3 c5 6. Ne2 Nc6 7. Be3 e5 8. Bxc6+ bxc6 9. dxe5 Qxd1+ 10. Kxd1 Ng4 11. Nd2 Nxe3+ 12. fxe3 g6 13. Nf4 Bg4+ 14. Ke1 0-0-0 15. Rf1 Be7 16. Nd3 Bf5 17. e4 Be6 18. b3 Rd4 19. Nf2 Rhd8 20. Nf3 R4d7 21. c4 a5 22. Ke2 a4 23. Rfd1 Rb7 24. Rxd8+ Bxd8 25. Nd3 axb3 26. axb3 Rxb3 27. Ra8+ Rb8 28. Rxb8+ Kxb8 29. Nb2 Kc7 30. Kd3 Kd7 31. Na4 Be7 32. h3 h5 33. Nd2 Kc7 34. Nb3 Bc8 35. Nbxc5 g5 36. Nb3 g4 37. hxg4 Bxg4 38. Nd4 Kd7 39. Nb6+ Kc7 40. Na4 Kd7 41. Nc3 h4 42. Nf5 Bg5 43. Ne3 Bxe3 44. Kxe3 h3 45. gxh3 Bxh3 46. c5 Ke6 47. Kf4 Bf1 48. Nd1 Bd3 49. Ne3 Bb5 50. Nc2 Kd7 51. Nd4 Bd3 52. Kf5 Bc4 53. Kf6 Ba2 54. Nf3 Kd8 55. Ng5 Ke8 56. e6 fxe6 57. Nxe6 Kd7 58. Nd4 Kc7 59. e5 1-0

[Event "Oslo Offerspill Nordic"]
[Site "Oslo"]
[Date "2020.08.21"]
[Round "1"]
[White "Sonis, Francesco"]
[Black "Mohammadi Nia, Borna"]
[Result "1-0"]
[WhiteElo "2490"]
[BlackElo "2186"]
[PlyCount "63"]
[EventDate "2020.08.21"]
[EventType "swiss"]
[EventRounds "9"]
[EventCountry "NOR"]
[SourceTitle "CBM 198 Extra"]
[Source "ChessBase"]
[SourceDate "2020.11.30"]
[SourceVersion "1"]
[SourceVersionDate "2020.11.30"]
[SourceQuality "1"]

1. d4 Nf6 2. c4 g6 3. g3 Bg7 4. Bg2 d5 5. cxd5 Nxd5 6. e4 Nb6 7. Ne2 0-0 8. 0-0 Nc6 9. d5 Na5 10. Qc2 Nac4 11. Nbc3 c6 12. dxc6 bxc6 13. Rd1 Qc7 14. b3 Nd6 15. Bb2 Bb7 16. a4 a5 17. Nb5 Nxb5 18. Bxg7 Kxg7 19. axb5 c5 20. Rxa5 Rxa5 21. Qc3+ e5 22. Qxa5 Rd8 23. Rc1 Qd6 24. Qc3 Rc8 25. Qa1 Rd8 26. Nc3 Qe6 27. Na4 Nxa4 28. bxa4 c4 29. a5 Rd4 30. a6 Ba8 31. Qa5 Qd6 32. b6 1-0

[Event "Paleochora op 13th"]
[Site "Paleochora"]
[Date "2020.07.23"]
[Round "7"]
[White "Mohammadi Nia, Borna"]
[Black "Spyropoulos, Nikolaos"]
[Result "0-1"]
[WhiteElo "2165"]
[BlackElo "2403"]
[PlyCount "78"]
[EventDate "2020.07.18"]
[EventType "swiss"]
[EventRounds "9"]
[EventCountry "GRE"]
[SourceTitle "CBM 197 Extra"]
[Source "ChessBase"]
[SourceDate "2020.09.30"]
[SourceVersion "1"]
[SourceVersionDate "2020.09.30"]
[SourceQuality "1"]

1. e4 e5 2. Nf3 Nc6 3. Bb5 g6 4. c3 a6 5. Ba4 Bg7 6. 0-0 Nge7 7. d4 exd4 8. cxd4 0-0 9. Nc3 b5 10. Bb3 Na5 11. Bg5 h6 12. Be3 d6 13. Qd2 Kh7 14. d5 Nxb3 15. axb3 b4 16. Ne2 f5 17. Bd4 fxe4 18. Bxg7 Kxg7 19. Qd4+ Kh7 20. Qxe4 Bb7 21. Nf4 Qd7 22. Rfe1 Rf7 23. Rad1 c5 24. Ne6 Re8 25. Qh4 Nf5 26. Qh3 Kg8 27. g4 Ng7 28. Qxh6 Rxf3 29. Nxg7 Rxe1+ 30. Rxe1 Qxg7 31. Qg5 Qf6 32. Qh6 Qg7 33. Qg5 Qf6 34. Qh6 Qf7 35. Qg5 Rf6 36. Re6 Rxe6 37. dxe6 Qxe6 38. Qd8+ Kf7 39. Kf1 Bf3 0-1

[Event "GER-ch Net Amateur Gr-A Vor3"]
[Site "Playchess.com INT"]
[Date "2020.04.16"]
[Round "7"]
[White "Kahlert, Thomas"]
[Black "Mohammadi Nia, Borna"]
[Result "1-0"]
[WhiteElo "2051"]
[BlackElo "2053"]
[PlyCount "95"]
[EventDate "2020.04.16"]
[EventType "swiss (blitz)"]
[EventRounds "9"]
[EventCountry "GER"]
[SourceTitle "CBM 195 Extra"]
[Source "ChessBase"]
[SourceDate "2020.05.31"]
[SourceVersion "1"]
[SourceVersionDate "2020.05.31"]
[SourceQuality "1"]

1. c4 g6 2. Nc3 c5 3. Nf3 Bg7 4. g3 Nc6 5. Bg2 Nf6 6. 0-0 0-0 7. d4 cxd4 8. Nxd4 d6 9. Nxc6 bxc6 10. Bxc6 Rb8 11. Bg2 Be6 12. b3 Nd7 13. Bd2 Nc5 14. Rc1 Qb6 15. Nd5 Bxd5 16. Bxd5 a5 17. Bc3 e5 18. Qd2 a4 19. b4 Na6 20. a3 Kh8 21. e3 Nc7 22. Rfd1 f5 23. Bb2 Nxd5 24. Qxd5 Rbd8 25. Kg2 f4 26. exf4 exf4 27. Bxg7+ Kxg7 28. Qd4+ Qxd4 29. Rxd4 fxg3 30. hxg3 Rf6 31. Rcd1 Rdf8 32. f4 Rc8 33. Rxd6 Rxc4 34. Rxf6 Kxf6 35. Rd6+ Kf5 36. Rd5+ Ke4 37. Re5+ Kd4 38. Ra5 Rc2+ 39. Kf3 h5 40. Rxa4 Rc3+ 41. Kg2 Rc2+ 42. Kh3 Ke4 43. b5+ Kf3 44. Rb4 Rc1 45. Rb3+ Kf2 46. Kh4 Rh1+ 47. Kg5 h4 48. gxh4 1-0

[Event "GER-ch Net Amateur Gr-A Vor3"]
[Site "Playchess.com INT"]
[Date "2020.04.16"]
[Round "3"]
[White "Richter, Philipp2222"]
[Black "Mohammadi Nia, Borna"]
[Result "1-0"]
[WhiteElo "1893"]
[BlackElo "2045"]
[PlyCount "179"]
[EventDate "2020.04.16"]
[EventType "swiss (blitz)"]
[EventRounds "9"]
[EventCountry "GER"]
[SourceTitle "CBM 195 Extra"]
[Source "ChessBase"]
[SourceDate "2020.05.31"]
[SourceVersion "1"]
[SourceVersionDate "2020.05.31"]
[SourceQuality "1"]

1. d4 Nf6 2. c4 g6 3. Nf3 Bg7 4. g3 0-0 5. Bg2 d5 6. cxd5 Nxd5 7. 0-0 Nb6 8. Nc3 Nc6 9. d5 Na5 10. e4 c6 11. Bf4 Nac4 12. Qb3 cxd5 13. Nxd5 Nxd5 14. exd5 Na5 15. Qb5 Bd7 16. Qc5 b6 17. Qb4 Rc8 18. Rfe1 Re8 19. Be5 Rc4 20. Qd2 Bf5 21. Bxg7 Kxg7 22. b4 Nb7 23. Ne5 Rc2 24. Qd4 f6 25. g4 Bc8 26. Qd3 Rc7 27. Nc6 Rxc6 28. dxc6 Qxd3 29. cxb7 Bxb7 30. Bxb7 Qd4 31. h3 Qxb4 32. Bc6 Rc8 33. Bg2 e6 34. Rxe6 Rc7 35. Rd1 Re7 36. Red6 Re1+ 37. Kh2 Rxd1 38. Rxd1 Qf4+ 39. Kg1 h5 40. gxh5 gxh5 41. Rd7+ Kg6 42. Rxa7 Qc1+ 43. Kh2 Qc5 44. Kg1 b5 45. Rb7 h4 46. Rd7 Qc1+ 47. Bf1 b4 48. Rd4 Qb2 49. Rxh4 Qxa2 50. Rxb4 Qa5 51. Rg4+ Kh6 52. Bd3 Qe1+ 53. Kg2 Qd2 54. Be4 Qd6 55. Rg6+ Kh5 56. Rg4 Qe5 57. Bf3 Kh6 58. h4 f5 59. Rg5 Qf4 60. Rh5+ Kg6 61. Rg5+ Kf6 62. Rh5 Qd4 63. Rh6+ Kg7 64. Rh5 Qf6 65. Rg5+ Kf8 66. Kg3 Ke7 67. Kh3 Kd6 68. Rh5 Ke6 69. Rg5 Qc3 70. Kg2 Kf6 71. Rg8 Qc5 72. h5 Kf7 73. Rg5 Kf6 74. Rg6+ Kf7 75. Rg3 f4 76. Rh3 Qg5+ 77. Kh2 Qh6 78. Rh4 Qd6 79. h6 Kg8 80. h7+ Kh8 81. Be4 f3+ 82. Kh3 Qe6+ 83. Kg3 Qe5+ 84. Rf4 Qg5+ 85. Kxf3 Qh5+ 86. Ke3 Qc5+ 87. Kf3 Qh5+ 88. Rg4 Qh3+ 89. Rg3 Qh5+ 90. Kg2 1-0

[Event "GER-ch Net Amateur Gr-A Vor2"]
[Site "Playchess.com INT"]
[Date "2020.04.15"]
[Round "3"]
[White "Garner, Isaac"]
[Black "Mohammadi Nia, Borna"]
[Result "0-1"]
[WhiteElo "1840"]
[BlackElo "2086"]
[PlyCount "88"]
[EventDate "2020.04.15"]
[EventType "swiss (blitz)"]
[EventRounds "9"]
[EventCountry "GER"]
[SourceTitle "CBM 196 Extra"]
[Source "ChessBase"]
[SourceDate "2020.07.31"]
[SourceVersion "1"]
[SourceVersionDate "2020.07.31"]
[SourceQuality "1"]

1. e4 e6 2. d4 d5 3. exd5 exd5 4. Nf3 Nc6 5. Bb5 Bd6 6. 0-0 Nge7 7. c4 dxc4 8. Nbd2 Bg4 9. Nxc4 Qd7 10. d5 Nxd5 11. Nxd6+ Qxd6 12. Re1+ Be6 13. Ng5 0-0-0 14. Nxe6 fxe6 15. Qg4 Ne5 16. Qg3 Ng6 17. Qh3 Ndf4 18. Bxf4 Nxf4 19. Qg4 h5 20. Qf3 g5 21. Rad1 Qb6 22. a4 a6 23. Bc4 Rxd1 24. Rxd1 Rf8 25. Qe4 Kb8 26. Bf1 g4 27. Rd2 Qa5 28. Qe3 Nd5 29. Qd4 Rf4 30. Qh8+ Ka7 31. Re2 Qb6 32. g3 Rf5 33. Bg2 Ne7 34. Be4 Rf7 35. Qxh5 Rf8 36. Qxg4 Nf5 37. Bxf5 exf5 38. Qf4 Qc6 39. Qe3+ b6 40. Qe6 Qf3 41. Qe3 Qc6 42. Qf4 Rd8 43. Rd2 Re8 44. Kf1 Qh1# 0-1

[Event "GER-ch Net Amateur Gr-A Vor2"]
[Site "Playchess.com INT"]
[Date "2020.04.15"]
[Round "6"]
[White "Reimold, Dirk"]
[Black "Mohammadi Nia, Borna"]
[Result "0-1"]
[WhiteElo "1919"]
[BlackElo "2078"]
[PlyCount "104"]
[EventDate "2020.04.15"]
[EventType "swiss (blitz)"]
[EventRounds "9"]
[EventCountry "GER"]
[SourceTitle "CBM 196 Extra"]
[Source "ChessBase"]
[SourceDate "2020.07.31"]
[SourceVersion "1"]
[SourceVersionDate "2020.07.31"]
[SourceQuality "1"]

1. d4 Nf6 2. c4 g6 3. f3 d5 4. cxd5 Nxd5 5. e4 Nb6 6. Be3 Bg7 7. Qd2 0-0 8. Nc3 Nc6 9. 0-0-0 Qd6 10. f4 Na5 11. b3 Bg4 12. Nf3 Rfd8 13. Be2 Bxf3 14. gxf3 Qb4 15. Nb1 Qxd2+ 16. Rxd2 Nc6 17. Rhd1 e6 18. Bb5 Ne7 19. a4 a6 20. Be2 Nd7 21. Rc2 c6 22. Nd2 Nf6 23. Nc4 Nh5 24. Ne5 Bh6 25. Nd3 f5 26. Kb2 Bg7 27. Ne5 Rac8 28. a5 c5 29. dxc5 g5 30. Rxd8+ Rxd8 31. Bc4 gxf4 32. Bxe6+ Kf8 33. Bd4 Rxd4 34. Kc1 Bxe5 35. Bxf5 Nxf5 36. exf5 Rd8 37. c6 bxc6 38. Rxc6 Ng7 39. Rxa6 Nxf5 40. Rb6 Nd4 41. a6 Nxf3 42. a7 Ra8 43. Rb7 h5 44. Rh7 Nd4 45. b4 Nb5 46. Rxh5 Rxa7 47. Rxe5 Rf7 48. Rxb5 f3 49. Rb8+ Kg7 50. Rb5 f2 51. Rg5+ Kh6 52. Rg1 fxg1Q+ 0-1

[Event "GER-ch Net Amateur Gr-A Vor2"]
[Site "Playchess.com INT"]
[Date "2020.04.15"]
[Round "2"]
[White "Rieling, Thomas"]
[Black "Mohammadi Nia, Borna"]
[Result "1/2-1/2"]
[WhiteElo "1752"]
[BlackElo "2099"]
[PlyCount "174"]
[EventDate "2020.04.15"]
[EventType "swiss (blitz)"]
[EventRounds "9"]
[EventCountry "GER"]
[SourceTitle "CBM 196 Extra"]
[Source "ChessBase"]
[SourceDate "2020.07.31"]
[SourceVersion "1"]
[SourceVersionDate "2020.07.31"]
[SourceQuality "1"]

1. e4 e6 2. d4 d5 3. Nc3 Nf6 4. Bg5 Bb4 5. e5 h6 6. Bd2 Bxc3 7. bxc3 Ne4 8. Be3 c5 9. Qg4 g6 10. Bd3 h5 11. Qf4 g5 12. Qf3 Nxc3 13. h4 g4 14. Qg3 Nc6 15. dxc5 Qa5 16. Bd2 Qxc5 17. Ne2 Ne4 18. Bxe4 dxe4 19. Nc3 Nd4 20. 0-0 Qxc3 21. Qxc3 Ne2+ 22. Kh1 Nxc3 23. Bxc3 Bd7 24. Bb4 Bc6 25. Rfd1 Bd5 26. Kg1 0-0-0 27. c3 b6 28. g3 Kb7 29. Bd6 Rd7 30. a4 Rc8 31. Ra3 a6 32. Rb1 Ka7 33. Raa1 Bc4 34. Rb2 Bd3 35. Ra3 Rc6 36. Rd2 f6 37. Rb2 Bc4 38. Ra1 fxe5 39. Bxe5 Bd3 40. Bd4 Rd5 41. Ra3 e5 42. Be3 Bc4 43. Rb4 Kb7 44. Ra1 b5 45. axb5 axb5 46. Ra5 Rd1+ 47. Kg2 Be2 48. Raxb5+ Kc7 49. Rb7+ Kd6 50. Rb1 Bf3+ 51. Kh2 Rxb1 52. Rxb1 Rxc3 53. Re1 Rd3 54. Kg1 Kd5 55. Kh2 Rb3 56. Kg1 Kc4 57. Kh2 Kd3 58. Kg1 Rb2 59. Kh2 Be2 60. Kg1 Bf3 61. Kh2 Kc4 62. Kg1 Kc3 63. Kh2 Kc2 64. Kg1 Bd1 65. Kh2 Rb3 66. Kg1 Rd3 67. Kh2 Bf3 68. Kg1 Rd1 69. Rxd1 Kxd1 70. Kh2 Ke2 71. Kg1 Ke1 72. Bc5 Bd1 73. Bb6 Bc2 74. Ba7 Ke2 75. Bb6 Kf3 76. Ba7 Bb3 77. Bb6 Bd1 78. Be3 Be2 79. Bb6 Bb5 80. Ba7 Be8 81. Bb6 Bd7 82. Bc5 Bc6 83. Bb6 Bd5 84. Bc5 Bc4 85. Bb6 Bd3 86. Bc5 e3 87. Bxe3 e4 1/2-1/2

[Event "GER-ch Net blitz qual5"]
[Site "Playchess.com INT"]
[Date "2020.03.28"]
[Round "12"]
[White "Engel, Luis"]
[Black "Mohammadi Nia, Borna"]
[Result "1/2-1/2"]
[WhiteElo "2536"]
[BlackElo "2133"]
[PlyCount "77"]
[EventDate "2020.03.28"]
[EventType "swiss (blitz)"]
[EventRounds "13"]
[EventCountry "GER"]
[SourceTitle "CBM 195 Extra"]
[Source "ChessBase"]
[SourceDate "2020.05.31"]
[SourceVersion "1"]
[SourceVersionDate "2020.05.31"]
[SourceQuality "1"]

1. g3 Nf6 2. Bg2 g6 3. Nf3 Bg7 4. 0-0 0-0 5. c4 d5 6. cxd5 Nxd5 7. d4 Nb6 8. Nc3 Nc6 9. e3 a5 10. Re1 a4 11. Qe2 e5 12. dxe5 Nxe5 13. Nxe5 Bxe5 14. e4 a3 15. Rb1 Qe7 16. Nd5 Nxd5 17. exd5 Bf5 18. Be4 axb2 19. Bxb2 Bxb2 20. Bxf5 Qxe2 21. Rxe2 Bd4 22. Bd3 b6 23. Bc4 Bc5 24. Rbe1 Kg7 25. Kg2 Ra4 26. Bb3 Rd4 27. h4 h5 28. Re4 Rd2 29. R1e2 Rxe2 30. Rxe2 Kf6 31. f4 Rd8 32. Kf3 Bd6 33. Bc4 Ra8 34. Bb3 Ra5 35. Ke4 Rc5 36. Rc2 Rxc2 37. Bxc2 Bc5 38. Bb3 Bd6 39. Kf3 1/2-1/2

[Event "GER-ch Net blitz qual5"]
[Site "Playchess.com INT"]
[Date "2020.03.28"]
[Round "9"]
[White "Kersten, Uwe"]
[Black "Mohammadi Nia, Borna"]
[Result "1-0"]
[WhiteElo "2252"]
[BlackElo "2133"]
[PlyCount "48"]
[EventDate "2020.03.28"]
[EventType "swiss (blitz)"]
[EventRounds "13"]
[EventCountry "GER"]
[SourceTitle "CBM 195 Extra"]
[Source "ChessBase"]
[SourceDate "2020.05.31"]
[SourceVersion "1"]
[SourceVersionDate "2020.05.31"]
[SourceQuality "1"]

1. e4 e6 2. d4 d5 3. exd5 exd5 4. Nf3 Nc6 5. Bb5 Bd6 6. c4 dxc4 7. d5 a6 8. Ba4 b5 9. dxc6 bxa4 10. 0-0 Be6 11. Qxa4 Ne7 12. Nbd2 Bd5 13. Rd1 0-0 14. b3 cxb3 15. axb3 Bxc6 16. Qg4 Ng6 17. Bb2 Qe7 18. Nc4 Bb4 19. h4 f5 20. Qg3 Bxf3 21. Qxf3 Qxh4 22. Rd7 Rad8 23. Rxg7+ Kh8 24. Rxg6+ Rd4 1-0

[Event "GER-ch Net blitz qual5"]
[Site "Playchess.com INT"]
[Date "2020.03.28"]
[Round "4"]
[White "Mohammadi Nia, Borna"]
[Black "Colpe, Malte"]
[Result "0-1"]
[WhiteElo "2133"]
[BlackElo "2362"]
[PlyCount "72"]
[EventDate "2020.03.28"]
[EventType "swiss (blitz)"]
[EventRounds "13"]
[EventCountry "GER"]
[SourceTitle "CBM 195 Extra"]
[Source "ChessBase"]
[SourceDate "2020.05.31"]
[SourceVersion "1"]
[SourceVersionDate "2020.05.31"]
[SourceQuality "1"]

1. e4 e5 2. Nf3 Nc6 3. Bb5 a6 4. Ba4 b5 5. Bb3 Na5 6. Nxe5 Nxb3 7. axb3 Qg5 8. Nf3 Qxg2 9. Rg1 Qh3 10. d4 Bb7 11. Nbd2 h6 12. Rg3 Qe6 13. Qe2 Nf6 14. d5 Qb6 15. c3 0-0-0 16. b4 Re8 17. Nd4 Bxd5 18. Re3 Bb7 19. N2b3 Bd6 20. e5 Rxe5 21. Rxe5 Bxe5 22. Nc5 Re8 23. Be3 Bxd4 24. cxd4 Nd5 25. Qd2 f5 26. 0-0-0 d6 27. Nxb7 Kxb7 28. Kb1 g5 29. Qd3 f4 30. Bd2 Re7 31. Qf3 c6 32. Bc3 Qd8 33. Qh5 Qh8 34. Qg6 Qh7 35. Qxh7 Rxh7 36. Re1 Re7 0-1

[Event "GER-ch Net blitz qual4"]
[Site "Playchess.com INT"]
[Date "2020.03.23"]
[Round "1"]
[White "Hartewig, Anja"]
[Black "Mohammadi Nia, Borna"]
[Result "0-1"]
[WhiteElo "1757"]
[BlackElo "2133"]
[PlyCount "106"]
[EventDate "2020.03.23"]
[EventType "swiss (blitz)"]
[EventRounds "9"]
[EventCountry "GER"]
[SourceTitle "CBM 195 Extra"]
[Source "ChessBase"]
[SourceDate "2020.05.31"]
[SourceVersion "1"]
[SourceVersionDate "2020.05.31"]
[SourceQuality "1"]

1. d4 Nf6 2. c4 g6 3. Nf3 Bg7 4. g3 0-0 5. Bg2 d5 6. 0-0 dxc4 7. Ne5 c6 8. Nc3 Nbd7 9. Nxc4 Nb6 10. Ne5 Nfd5 11. Qc2 a5 12. e4 Nb4 13. Qd1 Bxe5 14. dxe5 Qxd1 15. Rxd1 Nc4 16. Bh6 Re8 17. f4 Ne3 18. Rd2 Nxg2 19. Kxg2 Be6 20. a3 Na6 21. Rad1 Nc5 22. h3 f6 23. exf6 exf6 24. g4 Kf7 25. f5 Bc4 26. Rd4 b5 27. Bf4 gxf5 28. exf5 Bb3 29. R1d2 Ra7 30. Bd6 Na6 31. Bg3 b4 32. Rd6 bxc3 33. bxc3 Bd5+ 34. Kh2 Rae7 35. c4 Re2+ 36. Rxe2 Rxe2+ 37. Kg1 Be4 38. Bf2 Ke7 39. Rd4 c5 40. Rd1 Bc6 41. Re1 Rxe1+ 42. Bxe1 a4 43. Bc3 Nb8 44. Kf2 Nd7 45. Kg3 Ne5 46. Kf4 Nxc4 47. g5 fxg5+ 48. Kxg5 Kf7 49. Kh6 Ne3 50. f6 Nd5 51. Bb2 Nxf6 52. Bxf6 Kxf6 53. Kxh7 Be4+ 0-1

[Event "GER-ch Net blitz qual4"]
[Site "Playchess.com INT"]
[Date "2020.03.23"]
[Round "5"]
[White "Mohammadi Nia, Borna"]
[Black "Hausrath, Daniel"]
[Result "0-1"]
[WhiteElo "2133"]
[BlackElo "2475"]
[PlyCount "36"]
[EventDate "2020.03.23"]
[EventType "swiss (blitz)"]
[EventRounds "9"]
[EventCountry "GER"]
[SourceTitle "CBM 195 Extra"]
[Source "ChessBase"]
[SourceDate "2020.05.31"]
[SourceVersion "1"]
[SourceVersionDate "2020.05.31"]
[SourceQuality "1"]

1. e4 c5 2. Nf3 Nc6 3. Bb5 Nf6 4. Nc3 Qc7 5. 0-0 Nd4 6. Bc4 e6 7. d3 Ng4 8. g3 Nxf3+ 9. Qxf3 Ne5 10. Qf4 d6 11. Bb3 Be7 12. Qe3 Bd7 13. f4 Nc6 14. f5 Nd4 15. fxe6 fxe6 16. Ne2 Bf6 17. Nf4 Nxb3 18. axb3 Bd4 0-1

[Event "GER-ch Net blitz qual4"]
[Site "Playchess.com INT"]
[Date "2020.03.23"]
[Round "3"]
[White "Mohammadi Nia, Borna"]
[Black "Legde, Georg"]
[Result "1-0"]
[WhiteElo "2133"]
[BlackElo "2333"]
[PlyCount "67"]
[EventDate "2020.03.23"]
[EventType "swiss (blitz)"]
[EventRounds "9"]
[EventCountry "GER"]
[SourceTitle "CBM 195 Extra"]
[Source "ChessBase"]
[SourceDate "2020.05.31"]
[SourceVersion "1"]
[SourceVersionDate "2020.05.31"]
[SourceQuality "1"]

1. e4 c5 2. Nf3 Nc6 3. Bb5 d6 4. e5 d5 5. Bxc6+ bxc6 6. 0-0 Bg4 7. h3 Bh5 8. e6 Nf6 9. b3 fxe6 10. g4 Bg6 11. Ne5 Qd6 12. d4 cxd4 13. Bf4 Qc5 14. Nxg6 hxg6 15. Kg2 Nd7 16. Re1 e5 17. Bxe5 Nxe5 18. Rxe5 0-0-0 19. Qd3 Qd6 20. f4 e6 21. Qxd4 Kb8 22. Nd2 Be7 23. g5 Rh4 24. Nf3 Rh5 25. Rae1 c5 26. Qd3 Rdh8 27. Rxe6 Qxf4 28. Qb5+ Ka8 29. Rxe7 Rxg5+ 30. Kf2 Qg3+ 31. Ke2 Qg2+ 32. Kd1 Qxf3+ 33. Kc1 d4 34. Re8+ 1-0

[Event "GER-ch Net blitz qual4"]
[Site "Playchess.com INT"]
[Date "2020.03.23"]
[Round "2"]
[White "Mohammadi Nia, Borna"]
[Black "Svane, Frederik"]
[Result "1-0"]
[WhiteElo "2133"]
[BlackElo "2423"]
[PlyCount "31"]
[EventDate "2020.03.23"]
[EventType "swiss (blitz)"]
[EventRounds "9"]
[EventCountry "GER"]
[SourceTitle "CBM 195 Extra"]
[Source "ChessBase"]
[SourceDate "2020.05.31"]
[SourceVersion "1"]
[SourceVersionDate "2020.05.31"]
[SourceQuality "1"]

1. e4 c5 2. Nf3 Nc6 3. Bb5 g6 4. Bxc6 dxc6 5. d3 Bg7 6. h3 Nf6 7. Nc3 Nd7 8. Be3 e5 9. Qd2 h6 10. Nh2 b6 11. 0-0 Nf8 12. f4 exf4 13. Bxf4 Ne6 14. Be3 Nd4 15. Qf2 Kf8 16. Qxf7# 1-0

[Event "Karlsruhe Grenke op"]
[Site "Karlsruhe"]
[Date "2019.04.21"]
[Round "7"]
[White "Mohammadi Nia, Borna"]
[Black "Manea, Alexandru"]
[Result "0-1"]
[WhiteElo "2085"]
[BlackElo "2326"]
[PlyCount "58"]
[EventDate "2019.04.18"]
[EventType "swiss"]
[EventRounds "9"]
[EventCountry "GER"]
[SourceTitle "CBM 189 Extra"]
[Source "ChessBase"]
[SourceDate "2019.06.03"]
[SourceVersion "1"]
[SourceVersionDate "2019.06.03"]
[SourceQuality "1"]

1. e4 c5 2. Nf3 e6 3. d4 cxd4 4. Nxd4 Nc6 5. Nc3 Qc7 6. Be2 Nf6 7. Be3 Be7 8. 0-0 0-0 9. f4 d6 10. Kh1 Nxd4 11. Bxd4 e5 12. Be3 b6 13. f5 Bb7 14. Bf3 Rfd8 15. Qd3 Rac8 16. g4 h6 17. h4 d5 18. exd5 e4 19. Bxe4 Qg3 20. Bf2 Qxg4 21. Bg2 Bb4 22. Rg1 Bxc3 23. bxc3 Nxd5 24. Bxd5 Rxd5 25. Rxg4 Rxd3+ 26. Kg1 Rh3 27. Kf1 Rcxc3 28. Re1 Rxc2 29. Bd4 Rh1+ 0-1

[Event "Mittelrhein Regionalliga 18/19"]
[Site "Nordrheinwestfalen"]
[Date "2019.02.10"]
[Round "7.6"]
[White "Mohammadi Nia, Borna"]
[Black "Wolff, Michael"]
[Result "1-0"]
[WhiteElo "2102"]
[BlackElo "1882"]
[PlyCount "69"]
[EventDate "2018.10.28"]
[EventType "team-tourn"]
[EventRounds "11"]
[EventCountry "GER"]
[SourceTitle "EXT 2022"]
[Source "ChessBase"]
[SourceDate "2021.10.06"]
[SourceVersion "1"]
[SourceVersionDate "2021.10.06"]
[SourceQuality "1"]
[WhiteTeam "Aachen DJK Aufwärts III"]
[BlackTeam "Koeln Ford SF"]
[WhiteTeamCountry "GER"]
[BlackTeamCountry "GER"]

1. e4 c5 2. Nf3 Nc6 3. Bb5 e6 4. 0-0 Nge7 5. Re1 a6 6. Bf1 Ng6 7. c3 Be7 8. d4 cxd4 9. cxd4 d5 10. e5 0-0 11. g3 f6 12. exf6 Bxf6 13. Nc3 e5 14. dxe5 Ngxe5 15. Nxe5 Nxe5 16. Bg2 d4 17. Nd5 Bg4 18. Qb3 Kh8 19. Bf4 Ng6 20. Bc7 Qc8 21. Bd6 Re8 22. Nb6 Qf5 23. Nxa8 Rxa8 24. Qxb7 Rc8 25. f3 Bh3 26. g4 Bxg4 27. fxg4 Qxg4 28. Qe4 Qd7 29. Qe6 Qxe6 30. Rxe6 d3 31. Rd1 Bd4+ 32. Kf1 Ne5 33. Rxe5 Bxe5 34. Bxe5 Rf8+ 35. Kg1 1-0

[Event "BL2-West 1819"]
[Site "Germany"]
[Date "2019.01.20"]
[Round "5.8"]
[White "Neininger, Ralph"]
[Black "Mohammadi Nia, Borna"]
[Result "1/2-1/2"]
[WhiteElo "2126"]
[BlackElo "2028"]
[PlyCount "82"]
[EventDate "2018.11.21"]
[EventType "team-tourn"]
[EventRounds "9"]
[EventCountry "GER"]
[SourceTitle "CBM 190 Extra"]
[Source "ChessBase"]
[SourceDate "2019.07.15"]
[SourceVersion "1"]
[SourceVersionDate "2019.07.15"]
[SourceQuality "1"]
[WhiteTeam "Oberursel"]
[BlackTeam "Aachen DJK II"]
[WhiteTeamCountry "GER"]
[BlackTeamCountry "GER"]

1. Nf3 Nf6 2. c4 g6 3. Nc3 Bg7 4. d4 0-0 5. Bg5 d6 6. e3 c5 7. Be2 cxd4 8. Qxd4 h6 9. Bh4 Nc6 10. Qd2 Bf5 11. 0-0 Rc8 12. Rac1 Qa5 13. Bxf6 Bxf6 14. Nd5 Qxa2 15. Nxf6+ exf6 16. Qc3 Qa5 17. Qxf6 Qd8 18. Qc3 d5 19. Rfd1 Ne7 20. Nd4 Bd7 21. Qb3 Qc7 22. Qa3 Rfe8 23. c5 a6 24. Bf3 Qe5 25. b4 Red8 26. Qb3 Ra8 27. Rd2 Nc6 28. Bxd5 Qf6 29. Rcd1 Kg7 30. h3 Be8 31. Bf3 Rab8 32. Nxc6 Bxc6 33. Bd5 Rd7 34. e4 Rbd8 35. Qe3 g5 36. Qd4 Qxd4 37. Rxd4 Kf6 38. R4d3 Ke5 39. Re3 f5 40. Rde1 f4 41. Rd3 Kf6 1/2-1/2